| 000 | 00550nam a22001697a 4500 | ||
|---|---|---|---|
| 003 | MACL | ||
| 005 | 20160806121002.0 | ||
| 008 | 160806b xxu||||| |||| 00| 0 eng d | ||
| 040 | _cMACL | ||
| 041 | _aHindi | ||
| 082 | _a300 | ||
| 100 |
_aटेटे, वंदना _966254 |
||
| 245 |
_aआदिवासी दर्शन और साहित्य _cवंदना टेटे |
||
| 260 |
_aनई दिल्ली _bविकल्प प्रकाशन _c2016 |
||
| 650 |
_aसमाज _966255 |
||
| 942 |
_2ddc _cHIN |
||
| 999 |
_c55554 _d55554 |
||